LEADER 02137nam 2200589 a 450 001 9910466106203321 005 20200520144314.0 010 $a0-19-977544-3 010 $a0-19-971463-0 035 $a(CKB)3710000000613347 035 $a(EBL)3054028 035 $a(OCoLC)709591720 035 $a(SSID)ssj0000410068 035 $a(PQKBManifestationID)11258758 035 $a(PQKBTitleCode)TC0000410068 035 $a(PQKBWorkID)10349968 035 $a(PQKB)11364468 035 $a(StDuBDS)EDZ0000076048 035 $a(MiAaPQ)EBC4634974 035 $a(MiAaPQ)EBC3054028 035 $a(Au-PeEL)EBL3054028 035 $a(CaPaEBR)ebr10457036 035 $a(CaONFJC)MIL309647 035 $a(EXLCZ)993710000000613347 100 $a20080923d2009 uy 0 101 0 $aeng 135 $aur|n|---||||| 181 $ctxt 182 $cc 183 $acr 200 00$aPhotoperiodism$b[electronic resource] $ethe biological calendar /$fedited by Randy J. Nelson, David L. Denlinger, David E. Somers 210 $aOxford ;$aNew York $cOxford University Press$d2009 215 $a1 online resource (596 p.) 300 $aDescription based upon print version of record. 311 $a0-19-533590-2 320 $aIncludes bibliographical references and index. 327 $apt. 1. Photoperiodism in plants and fungi -- pt. 2. Photoperiodism in invertebrates -- pt. Photoperiodism in vertebrates. 330 8 $aThis book examines the role of photoperiod (day length) in timing seasonal adaptations in plants, invertebrates, and vertebrates. Current literature is distinctly separated among researchers working with these different taxa, resulting in inefficiency and redundancies. 606 $aPhotoperiodism 608 $aElectronic books. 615 0$aPhotoperiodism. 676 $a612/.022 701 $aNelson$b Randy Joe$0729447 701 $aDenlinger$b David L$0891319 701 $aSomers$b David E.$f1954-$0891320 801 0$bMiAaPQ 801 1$bMiAaPQ 801 2$bMiAaPQ 906 $aBOOK 912 $a9910466106203321 996 $aPhotoperiodism$91990755 997 $aUNINA